<?xml version="1.0" encoding="UTF-8"?><?xml-stylesheet type="text/xsl" href="static/style.xsl"?><OAI-PMH xmlns="http://www.openarchives.org/OAI/2.0/" xmlns:xsi="http://www.w3.org/2001/XMLSchema-instance" xsi:schemaLocation="http://www.openarchives.org/OAI/2.0/ http://www.openarchives.org/OAI/2.0/OAI-PMH.xsd"><responseDate>2026-07-01T22:54:03Z</responseDate><request verb="GetRecord" identifier="oai:riubu.ubu.es:10259/6187" metadataPrefix="marc">https://riubu.ubu.es/oai/request</request><GetRecord><record><header><identifier>oai:riubu.ubu.es:10259/6187</identifier><datestamp>2022-11-24T01:05:34Z</datestamp><setSpec>com_10259_6171</setSpec><setSpec>com_10259_5086</setSpec><setSpec>com_10259_2604</setSpec><setSpec>col_10259_6172</setSpec></header><metadata><record xmlns="http://www.loc.gov/MARC21/slim" xmlns:doc="http://www.lyncode.com/xoai" xmlns:xsi="http://www.w3.org/2001/XMLSchema-instance" xmlns:dcterms="http://purl.org/dc/terms/" xsi:schemaLocation="http://www.loc.gov/MARC21/slim http://www.loc.gov/standards/marcxml/schema/MARC21slim.xsd">
<leader>00925njm 22002777a 4500</leader>
<datafield tag="042" ind1=" " ind2=" ">
<subfield code="a">dc</subfield>
</datafield>
<datafield tag="720" ind1=" " ind2=" ">
<subfield code="a">Revilla Cuesta, Víctor</subfield>
<subfield code="e">author</subfield>
</datafield>
<datafield tag="720" ind1=" " ind2=" ">
<subfield code="a">Skaf Revenga, Marta</subfield>
<subfield code="e">author</subfield>
</datafield>
<datafield tag="720" ind1=" " ind2=" ">
<subfield code="a">Serrano López, Roberto</subfield>
<subfield code="e">author</subfield>
</datafield>
<datafield tag="720" ind1=" " ind2=" ">
<subfield code="a">Ortega López, Vanesa</subfield>
<subfield code="e">author</subfield>
</datafield>
<datafield tag="260" ind1=" " ind2=" ">
<subfield code="c">2021-04</subfield>
</datafield>
<datafield tag="520" ind1=" " ind2=" ">
<subfield code="a">Indirect estimation of compressive strength through non-destructive testing is key to monitoring the strength of structural concretes used in construction and rehabilitation works. However, no models are available to perform this estimation in highly Self-Compacting Concrete (SCC) with Recycled Concrete Aggregate (RCA). To fill this gap, two indirect measures were tested in this paper, the hammer rebound index and Ultrasonic Pulse Velocity (UPV), to predict the compressive strength of highly SCC. To do so, 24 SCC mixes were developed with different aggregate powders, binders, such as Ground Granulated Blast Furnace Slag (GGBFS), and contents of fine RCA. Compressive strength, and both indirect measures of all mixtures were determined at 1, 7, 28, and 90 days. The development of specific models for highly SCC responded to the inappropriateness of conventional models that are not adapted to its high fines content. Modelling as a function of either UPV or the hammer rebound index yielded accurate predictions, although the UPV model proved more sensitive to compositional changes and presented higher uncertainty. The best predictions were modelled by combining both indirect measures. The models provided safe and accurate indirect estimations of the compressive strength of high flowability SCC in real structures.</subfield>
</datafield>
<datafield tag="024" ind2=" " ind1="8">
<subfield code="a">0950-0618</subfield>
</datafield>
<datafield tag="024" ind2=" " ind1="8">
<subfield code="a">http://hdl.handle.net/10259/6187</subfield>
</datafield>
<datafield tag="024" ind2=" " ind1="8">
<subfield code="a">10.1016/j.conbuildmat.2021.122454</subfield>
</datafield>
<datafield ind1=" " ind2=" " tag="653">
<subfield code="a">Recycled concrete aggregate</subfield>
</datafield>
<datafield ind1=" " ind2=" " tag="653">
<subfield code="a">Self-compacting concrete</subfield>
</datafield>
<datafield ind1=" " ind2=" " tag="653">
<subfield code="a">Non-destructive testing</subfield>
</datafield>
<datafield ind1=" " ind2=" " tag="653">
<subfield code="a">Hammer rebound index</subfield>
</datafield>
<datafield ind1=" " ind2=" " tag="653">
<subfield code="a">Ultrasonic pulse velocity</subfield>
</datafield>
<datafield ind1=" " ind2=" " tag="653">
<subfield code="a">Ground Granulated Blast Furnace Slag</subfield>
</datafield>
<datafield ind1=" " ind2=" " tag="653">
<subfield code="a">Structural health monitoring</subfield>
</datafield>
<datafield ind1=" " ind2=" " tag="653">
<subfield code="a">Compressive strength</subfield>
</datafield>
<datafield tag="245" ind1="0" ind2="0">
<subfield code="a">Models for compressive strength estimation through non-destructive testing of highly self-compacting concrete containing recycled concrete aggregate and slag-based binder</subfield>
</datafield>
</record></metadata></record></GetRecord></OAI-PMH>